| 000 | 014740000a22005170004500 | ||
|---|---|---|---|
| 003 | LK-CoMWRAF | ||
| 008 | 230817t ||||| |||| 00| 0 eng d | ||
| 040 |
_aLK-CoMWRAF _dLK-CoMWRAF _eLK-CoMWRAF |
||
| 041 | _aeng | ||
| 082 |
_a156 _bIBR |
||
| 100 | _aIbrahim, Syed | ||
| 245 |
_aHoly Prophet Anecdotes _b |
||
| 260 |
_bValarmathi Pathippakam _aTiruchirappalli 17 _c |
||
| 300 | _ap.28 | ||
| 490 | _aPart One | ||
| 650 | _aA Great Teacher | ||
| 650 | _aA Poisoned Aword | ||
| 650 | _aA Ring in Poverty | ||
| 650 | _aAbu Huraira | ||
| 650 | _aAdvice to Begga | ||
| 650 | _aAllah | ||
| 650 | _aBegging and working | ||
| 650 | _aBravery of the Prophet | ||
| 650 | _aCharity of the Prophet | ||
| 650 | _aHow the Prophet Punished | ||
| 650 | _aI am only a Man like you | ||
| 650 | _aKeep your Promise | ||
| 650 | _aKindness to Animals | ||
| 650 | _aKindness to Birds | ||
| 650 | _aLove of Children | ||
| 650 | _aLove of Justice | ||
| 650 | _aLove the Prophet | ||
| 650 | _aNo Difference in Justice | ||
| 650 | _aPrayer in Taayif | ||
| 650 | _aPresents | ||
| 650 | _aSimple life of the Prophet | ||
| 650 | _aThe Prophet - A good Host | ||
| 650 | _aThe Prophet and Orphan | ||
| 650 | _aThe Prophet Honour his Treaties | ||
| 650 | _aThe Prophet wants no Honour | ||
| 650 | _aThe Prophet was Humble | ||
| 650 | _aThe Prophet was not Proud | ||
| 650 | _aThe Sun and the Moon | ||
| 650 | _aWaiting for three days | ||
| 942 | _cBK | ||
| 999 |
_c1948 _d1948 |
||